UBT Library

Groundswell : (Record no. 44480)

000 -LEADER
fixed length control field 00948cam a2200289 a 4500
001 - CONTROL NUMBER
control field 15093891
005 - DATE AND TIME OF LATEST TRANSACTION
control field 20180308075624.0
008 - FIXED-LENGTH DATA ELEMENTS--GENERAL INFORMATION
fixed length control field 071127s2008 maua b 001 0 eng
010 ## - LIBRARY OF CONGRESS CONTROL NUMBER
LC control number 2007048659
015 ## - NATIONAL BIBLIOGRAPHY NUMBER
National bibliography number GBA851709
Source bnb
016 7# - NATIONAL BIBLIOGRAPHIC AGENCY CONTROL NUMBER
Record control number 014575204
Source Uk
020 ## - INTERNATIONAL STANDARD BOOK NUMBER
International Standard Book Number 9781422125007
020 ## - INTERNATIONAL STANDARD BOOK NUMBER
International Standard Book Number 1422125009
035 ## - SYSTEM CONTROL NUMBER
System control number (OCoLC)ocn172980082
035 ## - SYSTEM CONTROL NUMBER
System control number (OCoLC)172980082
040 ## - CATALOGING SOURCE
Original cataloging agency DLC
Transcribing agency DLC
Modifying agency BTCTA
-- BAKER
-- UKM
-- YDXCP
-- C#P
-- DLC
041 ## - LANGUAGE CODE
Language code of text/sound track or separate title eng
080 ## - UNIVERSAL DECIMAL CLASSIFICATION NUMBER
Universal Decimal Classification number 303.4833 LI
082 00 - DEWEY DECIMAL CLASSIFICATION NUMBER
Classification number 303.4833 LI
Edition number 22
100 1# - Rafti
Rafti 50
101 ## - Shkurtesa
Shkurtesa SOC
245 10 - TITLE STATEMENT
Title Groundswell :
Statement of responsibility, etc Charlene Li, Josh Bernoff.
504 ## - BIBLIOGRAPHY, ETC. NOTE
Bibliography, etc Includes bibliographical references (p. 247-263) and indexes.
906 ## - LOCAL DATA ELEMENT F, LDF (RLIN)
a 7
b cbc
c orignew
d 1
e ecip
f 20
g y-gencatlg
942 ## - ADDED ENTRY ELEMENTS (KOHA)
Source of classification or shelving scheme
Item type Books
Holdings
Withdrawn status Lost status Source of classification or shelving scheme Damaged status Not for loan Collection code Permanent location Current location Shelving location Date acquired Total Checkouts Full call number Barcode Date last seen Price effective from Koha item type
          Koleksioni i përgjithshem UBT - Lipjan UBT - Lipjan Koleksioni i përgjithshem 03/08/2018   303.4833 LI 002-3001070 03/08/2018 03/08/2018 Books
UBT Library © 2015-2024. All rights reserved University Education for Business and Technology